Χρηματιστηριακός κώδικας : νομοθεσία Χ.Χ.Α., χρηματιστήριο παραγώγων, νέα χρηματιστηριακή αγορά (ΝΕ.Χ.Α.), εισαγωγή μετοχών ΑΕ στο χρηματιστήριο, νομοθεσία ΑΧΕ, ΕΠΕΥ, ΕΛΔΕ, χρηματιστηριακές συναλλαγές, εταιρίες επενδύσεων, αμοιβαία κεφάλαια
Αποθηκεύτηκε σε:
| Κύριος συγγραφέας: | |
|---|---|
| Μορφή: | Βιβλίο |
| Γλώσσα: | Greek |
| Δημοσίευση: |
Θεσσαλονίκη :
Σάκκουλας,
c2000.
|
| Θέματα: | |
| Ετικέτες: |
Προσθήκη ετικέτας
Δεν υπάρχουν, Καταχωρήστε ετικέτα πρώτοι!
|
MARC
| LEADER | 00000nam a2200000 a 4500 | ||
|---|---|---|---|
| 001 | 1/118322 | ||
| 008 | 190329t2000####gr | ||| |||| ||gre|| | ||
| 020 | |a 9603014737 | ||
| 040 | |a GR-MyUa |b gre |c GR-MyUa |e AACR2 | ||
| 041 | 0 | |a gre | |
| 082 | 7 | |a 332.642026495 |2 (23) | |
| 100 | 1 | |a Παπαγιάννης, Ιωάννης Μεν, |e aut | |
| 245 | 1 | 0 | |a Χρηματιστηριακός κώδικας : |b νομοθεσία Χ.Χ.Α., χρηματιστήριο παραγώγων, νέα χρηματιστηριακή αγορά (ΝΕ.Χ.Α.), εισαγωγή μετοχών ΑΕ στο χρηματιστήριο, νομοθεσία ΑΧΕ, ΕΠΕΥ, ΕΛΔΕ, χρηματιστηριακές συναλλαγές, εταιρίες επενδύσεων, αμοιβαία κεφάλαια / |c Παπαγιάννης Ιωάννης Μεν. ; |
| 260 | |a Θεσσαλονίκη : |b Σάκκουλας, |c c2000. | ||
| 300 | |a 972 σ. : |c 22 εκ. | ||
| 504 | |a Αλφαβητικό ευρετήριο λημμάτων σ. : 954 - 972. | ||
| 650 | 0 | |a Capital market |x Law and legislation |z Greece. | |
| 650 | 0 | |a Investments |x Law and legislation |z Greece. | |
| 920 | |a Τσαμουργκέλης |b Ιωάννης |y Χίος |z 2017-04 | ||
| 970 | |a Παροικάκη |b Βασιλική |z 29-03-2019 | ||